000 00862cam a22002055a 4500
001 L149118
008 100113e20091212xxk 000 0 eng d
035 _a(Sirsi) u149118
041 0 _aeng
100 1 _aChandler, Bill
245 0 0 _aDon't lose your head over execution
260 _c2009
490 _aEstates Gazette
_v(0949) 12 December 2009, 65(1)
520 _aCompanies Act 2006 S44 allows a single director of a company to execute documents. S44 which came into force on 6 April 2008, was introduced to alleviate the problem of unavailable signatories. Considers why a number of companies have not adopted the provisions of S44 and the pros and cons of adoption of this method of execution of documents.
590 _aKA
650 2 4 _aCOMPANIES ACT 2006
651 4 _aENGLAND AND WALES
690 _aMANAGEMENT-BUSINESS MANAGEMENT
942 _n0
999 _c82063
_d82063